Normal view
MARC view
- Satish & Brothers
Entry Personal Name
001 - CONTROL NUMBER
- control field: 5637
003 - CONTROL NUMBER IDENTIFIER
- control field: OSt
005 - DATE AND TIME OF LATEST TRANSACTION
- control field: 20180129124625.0
008 - FIXED-LENGTH DATA ELEMENTS
- fixed length control field: 180129|| aca||aabn | a|a d
040 ## - CATALOGING SOURCE
- Original cataloging agency: OSt
- Transcribing agency: OSt
100 ## - HEADING--PERSONAL NAME
- Personal name: Satish & Brothers
670 ## - SOURCE DATA FOUND
- Source citation: Work cat.: (OSt): Satish & Brothers, Mathematics : CBSE & NCERT syllabus & CBSE sample papers - XIII, 2007